छत्रपति / (Record no. 117295)

MARC details
000 -LEADER
fixed length control field 01088nam a22002777a 4500
003 - CONTROL NUMBER IDENTIFIER
control field dpl
005 - DATE AND TIME OF LATEST TRANSACTION
control field 20180713150230.0
008 - FIXED-LENGTH DATA ELEMENTS--GENERAL INFORMATION
fixed length control field 180705b xxu||||| |||| 00| 0 eng d
010 ## - LIBRARY OF CONGRESS CONTROL NUMBER
LC control number B-236959
020 ## - INTERNATIONAL STANDARD BOOK NUMBER
Terms of availability 250.00
035 ## - SYSTEM CONTROL NUMBER
System control number B-236959, B-236984, B-236965
037 ## - SOURCE OF ACQUISITION
Source of stock number/acquisition Cen Lib/Ret
040 ## - CATALOGING SOURCE
Original cataloging agency DPL
Language of cataloging HN
Transcribing agency 0
082 ## - DEWEY DECIMAL CLASSIFICATION NUMBER
Classification number
Item number शर्माम
100 ## - MAIN ENTRY--PERSONAL NAME
Personal name शर्मा, मनु
9 (RLIN) 71213
245 ## - TITLE STATEMENT
Title छत्रपति /
Statement of responsibility, etc मनु शर्मा
246 ## - VARYING FORM OF TITLE
Title proper/short title Chhatrpati
Remainder of title by Manu Sharma
260 ## - PUBLICATION, DISTRIBUTION, ETC. (IMPRINT)
Place of publication, distribution, etc नई दिल्ली
Name of publisher, distributor, etc विद्या विहार
Date of publication, distribution, etc 2006
270 ## - ADDRESS
Address 1660, कुंचा दखनीराय दरिया गंज
City नई दिल्ली
Postal code 110002
300 ## - PHYSICAL DESCRIPTION
Extent 238पृष्ठ.
Dimensions 20सेमी(सजिल्द)
650 ## - SUBJECT ADDED ENTRY--TOPICAL TERM
Topical term or geographic name as entry element हिंदी साहित्य
9 (RLIN) 71214
650 ## - SUBJECT ADDED ENTRY--TOPICAL TERM
Topical term or geographic name as entry element हिंदी उपन्यास - ऐतिहासिक
9 (RLIN) 42761
650 ## - SUBJECT ADDED ENTRY--TOPICAL TERM
Topical term or geographic name as entry element Hindi literature
9 (RLIN) 71215
650 ## - SUBJECT ADDED ENTRY--TOPICAL TERM
Topical term or geographic name as entry element Hindi novel -historical
9 (RLIN) 71216
942 ## - ADDED ENTRY ELEMENTS (KOHA)
Source of classification or shelving scheme Dewey Decimal Classification
Koha item type Hindi Books
Classification part
Call number suffix शर्माम
Holdings
Withdrawn status Lost status Damaged status Not for loan Home library Current library Date acquired Source of acquisition Cost, normal purchase price Total Checkouts Full call number Barcode Date last seen Date checked out Copy number Cost, replacement price Price effective from Koha item type Source of classification or shelving scheme Collection code
        Central Library Central Library 27/08/2015 Cen Lib /Ret 250.00 7 उ शर्माम B-236959 15/04/2026 13/04/2026 1 250.00 27/08/2015 Hindi Books    
        Shahdara Branch Shahdara Branch 05/07/2018 BPPD/PUB 250.00   उ शर्माम B-236984 05/07/2018     250.00 05/07/2018 Hindi Books Dewey Decimal Classification Fiction
        Shahdara Branch Shahdara Branch 13/07/2018 BPPD/PUB 0.00   उ शर्माम B-236965 13/07/2018     250.00 13/07/2018 Hindi Books Dewey Decimal Classification Fiction

© Delhi Public Library
Hit Counter
free hit counter